Šťastný koniec? /

Uložené v:
Podrobná bibliografia
Hlavný autor: Strahl, Rudi (Author)
Médium: Kniha
Jazyk:Slovak
German
Vydané: Košice : Východoslovenské vydavateľstvo, 1985.
Vydanie:1. vyd.
ISBN: (viaz.)
Fyzický popis: 199 s.
Tagy: Pridať tag
Žiadne tagy, Buďte prvý kto otaguje tento záznam!

MARC

LEADER 00000nam a2200000 a 4500
001 000067921
003 SVKK
005 20120729093000.0
008 990323s1985 xo e sloo
020 |a (viaz.)  |c Kčs 18,00 
040 |a SVKKK  |b slo  |c SVKKK  |e AACR2 
041 1 |a slo  |h ger 
044 |a xo  |c SK 
100 1 |a Strahl, Rudi  |4 aut 
245 1 0 |a Šťastný koniec? /  |c Rudi Strahl. 
250 |a 1. vyd. 
260 |a Košice :  |b Východoslovenské vydavateľstvo,  |c 1985. 
300 |a 199 s. 
910 |a svkkk 
998 |a BK 
090 |g SCKHL  |k Sklad Pribinova 2. posch.  |a II.304679  |j 708993  |i B263023  |s Absenčne 
090 |g SCKHL  |k Sklad Pribinova 2. posch.  |a II.307779  |j 728103  |i B250054  |s Absenčne 
090 |g SCKHL  |k Sklad Pribinova 3. posch.  |a V.190971  |j 876392  |i 67921-10  |4 Multiplikát  |s Vyradená